[Event "Gibraltar Masters"]
[Site "Caleta ENG"]
[Date "2011.02.03"]
[Round "10.48"]
[White "Hoffmann, Michael1"]
[Black "Navarrete Espi, Samuel"]
[Result "1/2-1/2"]
[WhiteTitle "GM"]
[WhiteElo "2506"]
[BlackElo "2095"]
[WhiteFideId "4601297"]
[BlackFideId "2237725"]
[EventDate "2011.01.25"]
[EventType "swiss"]

1. d4 Nf6 2. c4 g6 3. Nf3 Bg7 4. g3 O-O 5. Bg2 c6 6. O-O d5 7. b3 Ne4 8. Bb2 f5
9. Nc3 e6 10. Nxe4 fxe4 11. Ne5 Nd7 12. f3 Nxe5 13. dxe5 Qb6+ 14. Qd4 dxc4 15.
bxc4 exf3 16. exf3 Rd8 17. Qxb6 axb6 18. Rfd1 Rxd1+ 19. Rxd1 Rxa2 20. Rd8+ Bf8
21. Rxc8 Rxb2 22. Bh3 Rb1+ 23. Kg2 Rb2+ 24. Kg1 Rb1+ 1/2-1/2

[Event "Gibraltar Masters"]
[Site "Caleta ENG"]
[Date "2011.02.03"]
[Round "10.49"]
[White "Cramling, Pia"]
[Black "Seyfried, Claus"]
[Result "1-0"]
[WhiteTitle "GM"]
[WhiteElo "2516"]
[BlackElo "2173"]
[WhiteFideId "1700030"]
[BlackFideId "1271085"]
[EventDate "2011.01.25"]
[EventType "swiss"]

1. d4 d5 2. Nf3 c6 3. c4 e6 4. Qc2 dxc4 5. Qxc4 Nf6 6. Bg5 Nbd7 7. Nbd2 Qa5 8.
a3 Ne4 9. Bf4 Ndf6 10. Qc2 Be7 11. h3 O-O 12. e3 c5 13. dxc5 Nxd2 14. Qxd2 Qxd2+
15. Nxd2 Bxc5 16. Rc1 Be7 17. Bd3 Rd8 18. Ke2 Nd5 19. Bh2 Bd6 20. Bxd6 Rxd6 21.
Rhd1 Bd7 22. Nc4 Rc6 23. Ne5 Rxc1 24. Rxc1 Rc8 25. Rc4 Rxc4 26. Bxc4 Nb6 27. Kd3
Be8 28. Kd4 Kf8 29. Bd3 Nd7 30. Be4 b6 31. Nc6 a6 32. f4 Nc5 33. Bf3 Bxc6 34.
Bxc6 Ke7 35. b4 Nd7 36. Be4 Kd6 37. Bb7 Nb8 38. e4 Nc6+ 39. Kc4 Nb8 40. e5+ Kc7
41. Be4 h6 42. h4 Nc6 43. h5 f6 44. exf6 gxf6 45. Bxc6 Kxc6 46. g4 1-0

[Event "Gibraltar Masters"]
[Site "Caleta ENG"]
[Date "2011.02.03"]
[Round "10.50"]
[White "Lochte, Thomas"]
[Black "Bellon Lopez, Juan Manuel"]
[Result "0-1"]
[BlackTitle "GM"]
[WhiteElo "2173"]
[BlackElo "2404"]
[WhiteFideId "4606272"]
[BlackFideId "2200031"]
[EventDate "2011.01.25"]
[EventType "swiss"]

1. e4 c5 2. d4 cxd4 3. c3 Qa5 4. Nf3 Nf6 5. e5 Nd5 6. Bc4 e6 7. O-O dxc3 8. Bxd5
cxb2 9. Bxb2 Qxd5 10. Qxd5 exd5 11. Nc3 Na6 12. Nxd5 b6 13. Rfe1 Bb7 14. Nf6+
gxf6 15. exf6+ Kd8 16. Ng5 Bd5 17. Rad1 h6 18. Nh3 Bb4 19. Re5 Bxa2 20. Nf4 Re8
21. Nd3 Bb3 22. Ra1 Bc4 23. Rxe8+ Kxe8 24. Nxb4 Nxb4 25. Re1+ Be6 26. Re4 Nd3
27. Ba3 d5 0-1

[Event "Gibraltar Masters"]
[Site "Caleta ENG"]
[Date "2011.02.03"]
[Round "10.51"]
[White "Thomassen, Joachim"]
[Black "Vaarala, Eric"]
[Result "1-0"]
[WhiteTitle "IM"]
[WhiteElo "2404"]
[BlackElo "2152"]
[WhiteFideId "1504991"]
[BlackFideId "1711962"]
[EventDate "2011.01.25"]
[EventType "swiss"]

1. d4 d5 2. c4 c6 3. Nf3 e6 4. e3 f5 5. g4 fxg4 6. Ne5 Qh4 7. Qxg4 Qxg4 8. Nxg4
Nd7 9. f4 Ngf6 10. Ne5 Ne4 11. Bd3 Bb4+ 12. Ke2 Nd6 13. c5 Nf5 14. Bd2 Bxd2 15.
Nxd2 Nxe5 16. dxe5 Rf8 17. Nf3 Bd7 18. Rhg1 Kf7 19. Bxf5 exf5 20. Kd3 b5 21. Nd4
Rfc8 22. h4 a5 23. h5 Rg8 24. Rg5 g6 25. hxg6+ hxg6 26. e6+ Bxe6 27. Nxc6 d4 28.
exd4 Bd5 29. Ne5+ Kf6 30. a3 Rg7 31. Rag1 Rh8 32. Rxg6+ Rxg6 33. Rxg6+ Ke7 34.
Rg7+ Ke6 35. Rg6+ Ke7 36. Rd6 Be4+ 37. Ke3 Rh3+ 38. Kf2 Rb3 39. d5 Rxb2+ 40. Kg3
b4 41. axb4 axb4 42. Rd7+ Ke8 43. c6 b3 44. c7 Rc2 45. d6 1-0

[Event "Gibraltar Masters"]
[Site "Caleta ENG"]
[Date "2011.02.03"]
[Round "10.54"]
[White "Dittmar, Peter"]
[Black "Vinas Guerrero, Carlos A."]
[Result "1/2-1/2"]
[WhiteTitle "FM"]
[WhiteElo "2328"]
[BlackElo "2121"]
[WhiteFideId "4602064"]
[BlackFideId "2216868"]
[EventDate "2011.01.25"]
[EventType "swiss"]

1. c4 f5 2. g3 Nf6 3. Bg2 g6 4. Nc3 Bg7 5. Nf3 O-O 6. O-O d6 7. d3 e5 8. Rb1 Nh5
9. Qc2 Nc6 10. Bg5 Qd7 11. Bd2 f4 12. b4 fxg3 13. hxg3 Nd4 14. Nxd4 exd4 15. Ne4
c6 16. b5 c5 17. b6 a6 18. a4 Nf6 19. Nxf6+ Bxf6 20. Bh6 Re8 21. Bd5+ Kh8 22.
Qd2 Qe7 23. Qf4 Rb8 24. a5 Be6 25. Bxe6 Qxe6 26. Kg2 Re7 27. e4 Rg8 28. Bg5 Rf7
29. Bxf6+ Rxf6 30. Qg5 Qe5 31. Qxe5 dxe5 32. f4 Rgf8 33. fxe5 Rxf1 34. Rxf1 Rxf1
35. Kxf1 Kg7 36. Kf2 g5 37. g4 Kf7 38. Kf3 1/2-1/2

[Event "Gibraltar Masters"]
[Site "Caleta ENG"]
[Date "2011.02.03"]
[Round "10.55"]
[White "Nuri, Kambez"]
[Black "Steil-Antoni, Fiona"]
[Result "1-0"]
[BlackTitle "WIM"]
[WhiteElo "2300"]
[BlackElo "2118"]
[WhiteFideId "1311433"]
[BlackFideId "4001249"]
[EventDate "2011.01.25"]
[EventType "swiss"]

1. b3 d5 2. Bb2 Bg4 3. g3 e6 4. Bg2 Nf6 5. d3 Be7 6. Nd2 O-O 7. f3 Bh5 8. Nh3 c5
9. Nf4 Bg6 10. e4 d4 11. O-O Nc6 12. Ne2 h6 13. h3 e5 14. f4 exf4 15. gxf4 Nh5
16. f5 Bh7 17. a4 Ne5 18. Nc4 Nxc4 19. bxc4 Bg5 20. Bc1 Rb8 21. Bf3 Bxc1 22.
Qxc1 Qh4 23. Bxh5 Qxh5 24. Nf4 Qh4 25. Kh2 g5 26. Nd5 Kh8 27. Nf6 g4 28. Nxg4
Rg8 29. Qf4 h5 30. Qe5+ 1-0

[Event "Gibraltar Masters"]
[Site "Caleta ENG"]
[Date "2011.02.03"]
[Round "10.56"]
[White "Wheldon, Philip"]
[Black "Calzetta Ruiz, Monica"]
[Result "0-1"]
[BlackTitle "WGM"]
[WhiteElo "2106"]
[BlackElo "2284"]
[WhiteFideId "407402"]
[BlackFideId "2204185"]
[EventDate "2011.01.25"]
[EventType "swiss"]

1. e4 c5 2. Nc3 Nc6 3. g3 g6 4. Bg2 Bg7 5. d3 d6 6. Be3 Rb8 7. Qd2 b5 8. Nge2
Nd4 9. h3 h5 10. Nd1 b4 11. f4 e5 12. O-O Ne7 13. Kh2 Be6 14. Ng1 Qa5 15. Nf2 h4
16. g4 exf4 17. Bxf4 Qc7 18. c3 bxc3 19. bxc3 Ndc6 20. Nf3 Ne5 21. Ng5 O-O 22.
Nd1 Bd7 23. Kh1 Bb5 24. c4 Bd7 25. Rc1 Rb6 26. Ne3 Qb7 27. Nf3 Rb2 28. Rc2 Rb1
29. Nxh4 Ba4 30. Bxe5 Rxf1+ 31. Nxf1 Bxe5 32. Rc1 Rb8 33. Nf3 Bg7 34. Re1 Qb2
35. Re2 Nc6 36. Qe1 Qa3 37. Qg3 Ne5 38. Ne1 Rb2 39. Qf2 Rb1 40. Qh4 Bf8 41. Kh2
Qc1 42. Ne3 Bc6 43. Qd8 Rb2 44. Rxb2 Qxb2 45. a4 Qf2 46. N3c2 Bxa4 0-1

[Event "Gibraltar Masters"]
[Site "Caleta ENG"]
[Date "2011.02.03"]
[Round "10.57"]
[White "Garcia Jimenez, Francisco Javier"]
[Black "Bous, Florian"]
[Result "1-0"]
[WhiteTitle "FM"]
[WhiteElo "2274"]
[BlackElo "2088"]
[WhiteFideId "2231590"]
[BlackFideId "4660412"]
[EventDate "2011.01.25"]
[EventType "swiss"]

1. e4 e5 2. Nf3 Nc6 3. d4 exd4 4. Nxd4 Bc5 5. Nb3 Bb6 6. Nc3 Nf6 7. Bg5 h6 8.
Bh4 d6 9. Bd3 Be6 10. Qe2 O-O 11. O-O a6 12. Kh1 Re8 13. f4 g5 14. fxg5 Ng4 15.
Nd5 hxg5 16. Nf6+ Qxf6 17. Rxf6 gxh4 18. Rf4 Nce5 19. h3 Nh6 20. Qh5 Kg7 21.
Qg5+ Ng6 22. Rf6 Ng8 23. e5 1-0

[Event "Gibraltar Masters"]
[Site "Caleta ENG"]
[Date "2011.02.03"]
[Round "10.59"]
[White "Itkis, Hana"]
[Black "Meskovs, Nikita"]
[Result "0-1"]
[WhiteTitle "WFM"]
[WhiteElo "2084"]
[BlackElo "2243"]
[WhiteFideId "2020190"]
[BlackFideId "11602740"]
[EventDate "2011.01.25"]
[EventType "swiss"]

1. c4 Nf6 2. Nc3 g6 3. g3 Bg7 4. Bg2 O-O 5. Nf3 d5 6. cxd5 Nxd5 7. O-O c5 8. Qb3
Nb6 9. d3 Na6 10. Nd2 Be6 11. Nc4 Nb4 12. Ne4 Bd4 13. a3 Nc6 14. e3 Nxc4 15.
dxc4 Na5 16. Qc2 Bg7 17. Nxc5 Bxc4 18. Nxb7 Bd3 19. Qd2 Nxb7 20. Bxb7 Bxf1 21.
Bxa8 Qxa8 22. Kxf1 Rd8 23. Qe1 Qf3 24. Bd2 Rxd2 25. Qxd2 Qh1+ 26. Ke2 Qxa1 27.
Qd8+ Bf8 28. Qb8 Qc1 29. Qxa7 Qxb2+ 30. Kf1 e6 31. a4 Bb4 32. Qb8+ Kg7 33. Kg2
Qc3 34. Qb5 h5 35. h4 Ba5 36. Qd7 Qc5 37. Kg1 Qd5 38. Qe8 Be1 39. Qb8 Kh7 40.
Qb2 Qd2 41. Qb7 Qd1 42. Qb5 Bc3+ 43. Kh2 Qd5 44. Qe2 Qd2 45. Qf3 Qd7 46. Qf4 e5
47. Qf3 Qxa4 0-1

[Event "Gibraltar Masters"]
[Site "Caleta ENG"]
[Date "2011.02.03"]
[Round "10.60"]
[White "Andreasen, Per"]
[Black "Scholzen, Wolfgang"]
[Result "1/2-1/2"]
[WhiteTitle "FM"]
[WhiteElo "2239"]
[BlackElo "2057"]
[WhiteFideId "1400886"]
[BlackFideId "24637629"]
[EventDate "2011.01.25"]
[EventType "swiss"]

1. Nf3 d5 2. d4 Nf6 3. c4 e6 4. e3 Nbd7 5. Bd3 c6 6. Nbd2 Bd6 7. O-O O-O 8. e4
dxe4 9. Nxe4 Nxe4 10. Bxe4 e5 11. dxe5 Nxe5 12. Nxe5 Bxe5 13. Bxh7+ Kxh7 14.
Qh5+ Kg8 15. Qxe5 Re8 16. Qc3 Bf5 17. Be3 Qd3 18. Qb4 a5 19. Qc5 Be6 20. Rac1
Qe2 21. Bd4 Rad8 22. Rfe1 Qg4 23. Bc3 Qxc4 24. Bxa5 Qxc5 25. Rxc5 Bxa2 26. Rcc1
Ra8 27. Rxe8+ Rxe8 28. Re1 Rxe1+ 29. Bxe1 Bd5 30. f3 1/2-1/2

[Event "Gibraltar Masters"]
[Site "Caleta ENG"]
[Date "2011.02.03"]
[Round "10.61"]
[White "Wilson, Alexandra"]
[Black "Jaunooby, Ali R"]
[Result "1-0"]
[WhiteTitle "WFM"]
[WhiteElo "2037"]
[BlackElo "2207"]
[WhiteFideId "411000"]
[BlackFideId "413291"]
[EventDate "2011.01.25"]
[EventType "swiss"]

1. e4 g6 2. Nc3 Bg7 3. f4 c5 4. Nf3 Nc6 5. Be2 d6 6. O-O a6 7. d3 b5 8. Qe1 e6
9. f5 b4 10. fxe6 bxc3 11. exf7+ Kxf7 12. Ne5+ Ke8 13. Nxc6 Qc7 14. e5 d5 15.
bxc3 Qxc6 16. Bf3 c4 17. Rb1 Bf5 18. dxc4 Qxc4 19. Rb7 Bf8 20. e6 Bc5+ 21. Kh1
Ne7 22. Be2 Qe4 23. Rf4 Qxe6 24. Qf1 Qc6 25. Rb3 Bd6 26. Rf2 Bxc2 27. Rb2 Be4
28. c4 Rc8 29. Bh6 Nf5 30. cxd5 Qxd5 31. Bxa6 Rc5 32. Bb7 Ng3+ 33. hxg3 Qh5+ 34.
Kg1 Qxh6 35. Rfe2 Rf8 36. Rxe4+ Kd7 37. Rf4 Rh5 38. Rf7+ Kd8 39. Qf6+ Ke8 40.
Bc6# 1-0

[Event "Gibraltar Masters"]
[Site "Caleta ENG"]
[Date "2011.02.03"]
[Round "10.68"]
[White "Marder, Simon"]
[Black "Aerni, Andi"]
[Result "1-0"]
[WhiteElo "1990"]
[BlackElo "2182"]
[WhiteFideId "1704540"]
[BlackFideId "1313185"]
[EventDate "2011.01.25"]
[EventType "swiss"]

1. e4 d5 2. d4 dxe4 3. Nc3 Nf6 4. f3 exf3 5. Nxf3 e6 6. Bg5 Be7 7. Bd3 c5 8.
dxc5 O-O 9. O-O Bxc5+ 10. Kh1 Nbd7 11. Qe1 Re8 12. Qh4 Be7 13. Rad1 Qa5 14. a3
Nf8 15. b4 Qxa3 16. Nb5 Qxb4 17. Bxf6 gxf6 18. Qh5 Qc5 19. Qh6 a6 20. Nbd4 Ng6
21. Nb3 Qc7 22. Ng5 fxg5 23. Rxf7 Kxf7 24. Qxh7+ Kf6 25. Qxg6+ Ke5 26. Qe4+ Kf6
27. Rf1+ Qf4 28. Rxf4+ gxf4 29. Qg6+ 1-0

[Event "Gibraltar Masters"]
[Site "Caleta ENG"]
[Date "2011.02.03"]
[Round "10.69"]
[White "Arnott, Jonathan W"]
[Black "McKenna, Jason P"]
[Result "1-0"]
[WhiteElo "2176"]
[BlackElo "2062"]
[WhiteFideId "408077"]
[BlackFideId "403857"]
[EventDate "2011.01.25"]
[EventType "swiss"]

1. b3 e6 2. Bb2 Nf6 3. e3 Be7 4. f4 O-O 5. Nf3 b6 6. Nc3 Bb7 7. Bd3 d6 8. Qe2 a6
9. g4 Nxg4 10. O-O-O f5 11. Rhg1 Nd7 12. h3 Nh6 13. Bc4 d5 14. Nxd5 exd5 15.
Bxg7 Kf7 16. Bxh6 Ba3+ 17. Kb1 Qf6 18. Bg7 Qc6 19. Nd4 Qc5 20. Bd3 1-0

[Event "Gibraltar Masters"]
[Site "Caleta ENG"]
[Date "2011.02.03"]
[Round "10.72"]
[White "Daoudi, Kamal"]
[Black "Henderikse, Bert"]
[Result "1-0"]
[WhiteElo "2155"]
[BlackElo "2058"]
[WhiteFideId "9001069"]
[BlackFideId "1012266"]
[EventDate "2011.01.25"]
[EventType "swiss"]

1. e4 c6 2. d4 d5 3. Nc3 dxe4 4. Nxe4 Nf6 5. Nxf6+ gxf6 6. c3 Bf5 7. Bc4 e6 8.
Ne2 Nd7 9. Ng3 Bg6 10. h4 h5 11. Be2 Qa5 12. b4 Qc7 13. Nxh5 Bxh5 14. Bxh5 a5
15. Qe2 axb4 16. Qxe6+ Kd8 17. Qxf7 Bd6 18. Bh6 Qa5 19. Bg4 Re8+ 20. Be3 Re7 21.
Qb3 f5 22. Be2 f4 23. Bd2 Qh5 24. Qd1 bxc3 25. Bc1 Qd5 26. O-O Rxa2 27. Bf3 Qa5
28. Rxa2 Qxa2 29. Qd3 Qa5 30. Qg6 Kc7 31. h5 Qa2 32. Qg5 Qf7 33. Qa5+ Kc8 34.
Qxc3 Nf6 35. Qa5 Bc7 36. Qa8+ Kd7 37. Qxb7 Nd5 38. Ba3 Re8 39. Bg4+ 1-0

[Event "Gibraltar Masters"]
[Site "Caleta ENG"]
[Date "2011.02.03"]
[Round "10.73"]
[White "Kandic, Milan"]
[Black "Spanton, Tim R"]
[Result "1/2-1/2"]
[WhiteElo "2143"]
[BlackElo "2007"]
[WhiteFideId "926752"]
[BlackFideId "404802"]
[EventDate "2011.01.25"]
[EventType "swiss"]

1. e4 c5 2. Nf3 Nc6 3. d4 cxd4 4. Nxd4 g6 5. Be3 Nf6 6. Nc3 Bg7 7. Bc4 O-O 8.
O-O Qa5 9. Bb3 d6 10. h3 Bd7 11. f4 Nxd4 12. Bxd4 Bc6 13. Nd5 Rae8 14. Qe1 Qxe1
15. Raxe1 Nd7 16. Bxg7 Kxg7 17. Nb4 Bb5 18. Rf2 Nc5 19. Nd5 Bc6 20. f5 Nxb3 21.
axb3 gxf5 22. c4 Bxd5 23. cxd5 fxe4 24. Rxe4 e6 25. Rb4 Re7 26. Rg4+ Kh8 27. Rf6
Rg8 28. Re4 Rg6 29. Rf2 Rg3 30. b4 e5 31. Rc2 Kg7 32. Kh2 Rg5 33. h4 Rf5 34. g3
h5 35. Kg2 1/2-1/2

[Event "Gibraltar Masters"]
[Site "Caleta ENG"]
[Date "2011.02.03"]
[Round "10.74"]
[White "Osuna Vega, Enrique"]
[Black "Knudsen, Jes West"]
[Result "1-0"]
[WhiteTitle "CM"]
[WhiteElo "2140"]
[BlackElo "2000"]
[WhiteFideId "2219549"]
[BlackFideId "1405985"]
[EventDate "2011.01.25"]
[EventType "swiss"]

1. d4 f5 2. Bg5 c6 3. Nc3 Qb6 4. Na4 Qa5+ 5. c3 d6 6. b4 Qc7 7. Nf3 h6 8. Bc1 g5
9. e3 Nf6 10. Be2 Bg7 11. Qb3 Nbd7 12. O-O Nf8 13. c4 Be6 14. Qd3 Ng6 15. g3 O-O
16. Nc3 Ne4 17. Bb2 g4 18. Ne1 Ng5 19. d5 Ne5 20. Qd1 Nh3+ 21. Kg2 Bd7 22. Rc1
Qd8 23. Kh1 Ng5 24. Ng2 Qe8 25. Nh4 Ngf3 26. Nxf3 gxf3 27. Bxf3 Nxc4 28. Ba1 Ne5
29. Bg2 Qg6 30. Ne2 Rab8 31. Nf4 Qf7 32. Re1 Rfd8 33. Bd4 cxd5 34. Bxd5 e6 35.
Bg2 b6 36. Qb3 Rdc8 37. Rg1 d5 38. Nxd5 Bb5 39. Bxe5 Bxe5 40. Nf4 Bxf4 41. exf4
Qd7 42. Rcd1 1-0

[Event "Gibraltar Masters"]
[Site "Caleta ENG"]
[Date "2011.02.03"]
[Round "10.75"]
[White "Tozer, Philip A A"]
[Black "Phillips, Owen S"]
[Result "1-0"]
[WhiteElo "2140"]
[BlackElo "1992"]
[WhiteFideId "419982"]
[BlackFideId "417882"]
[EventDate "2011.01.25"]
[EventType "swiss"]

1. g3 g6 2. c4 Bg7 3. Nc3 e5 4. Bg2 d6 5. e4 Nf6 6. Nge2 O-O 7. O-O c6 8. d3 a6
9. b4 Be6 10. a4 d5 11. c5 d4 12. Nb1 Qc7 13. f4 Nh5 14. f5 Bc8 15. g4 Nf6 16.
g5 Nh5 17. Bf3 gxf5 18. Bxh5 f4 19. Nd2 Bh3 20. Rf2 Qe7 21. Kh1 Qxg5 22. Ng1 Be6
23. Rg2 Qh6 24. Bg4 Nd7 25. Bxe6 Qxe6 26. Nc4 f5 27. exf5 Qxf5 28. Nd6 Qe6 29.
Qh5 a5 30. Qg5 Qf6 31. Nf5 Qxg5 32. Rxg5 Rf7 33. Nh6+ Kf8 34. Nxf7 Kxf7 35. Bd2
axb4 36. Bxb4 h6 37. Rg2 Nf6 38. Rb2 e4 39. Be1 e3 40. Rxb7+ Kg6 41. a5 Ng4 42.
Nf3 Ne5 43. Rxg7+ 1-0

[Event "Gibraltar Masters"]
[Site "Caleta ENG"]
[Date "2011.02.03"]
[Round "10.76"]
[White "Lipecki, Alexander"]
[Black "Henrichsen, Jens"]
[Result "1-0"]
[WhiteElo "2126"]
[BlackElo "1925"]
[WhiteFideId "1303511"]
[BlackFideId "1401858"]
[EventDate "2011.01.25"]
[EventType "swiss"]

1. e4 c5 2. Nc3 d6 3. f4 g6 4. Bc4 Nc6 5. Nf3 Bg7 6. d3 e6 7. Be3 Nd4 8. Bxd4
cxd4 9. Ne2 Qa5+ 10. Qd2 Qb6 11. O-O Ne7 12. Bb3 Bd7 13. Kh1 a5 14. c3 a4 15.
Bc2 a3 16. Nexd4 axb2 17. Rab1 Rxa2 18. Bb3 Ra3 19. Qxb2 Ra7 20. Bxe6 Qxb2 21.
Bxd7+ Kxd7 22. Rxb2 Rc8 23. Nb5 Ra4 24. d4 Nc6 25. e5 Na5 26. Nxd6 Rxc3 27. Nxb7
Bf8 28. Nxa5 Rxa5 29. Rb7+ 1-0

[Event "Gibraltar Masters"]
[Site "Caleta ENG"]
[Date "2011.02.03"]
[Round "10.78"]
[White "Brown, David"]
[Black "Collier, David O"]
[Result "1/2-1/2"]
[WhiteElo "1923"]
[BlackElo "2108"]
[WhiteFideId "416150"]
[BlackFideId "406422"]
[EventDate "2011.01.25"]
[EventType "swiss"]

1. e4 c5 2. Nf3 d6 3. Nc3 a6 4. d4 cxd4 5. Nxd4 Nf6 6. Be2 e5 7. Nb3 Be7 8. O-O
Nbd7 9. Be3 b5 10. a4 b4 11. Nd5 Nxd5 12. Qxd5 Rb8 13. Qa5 O-O 14. Qxd8 Bxd8 15.
Rfd1 Bc7 16. f3 a5 17. Bb5 Nf6 18. Kf1 Bb7 19. Bg5 Rfd8 20. Bxf6 gxf6 21. Bc4
Bb6 22. Bd5 Ba6+ 23. Ke1 Rbc8 24. Kd2 Rc7 25. Rac1 Rdc8 26. c3 bxc3+ 27. Rxc3
Rxc3 28. bxc3 Kf8 29. Kc2 Ke7 30. Rb1 h5 31. Nd2 Bd4 32. c4 h4 33. Bb7 Bxb7 34.
Rxb7+ Ke6 35. g4 h3 36. Kd3 Bg1 37. Nf1 Bf2 38. Ne3 Bxe3 39. Kxe3 Rxc4 40. Kf2
Rxa4 41. Rb3 Rb4 42. Ra3 a4 43. Kg3 d5 44. exd5+ Kxd5 45. Kxh3 Kc5 46. Kg3 Kb5
47. h4 Rb3 48. Ra1 a3 49. h5 Ka4 50. h6 Rb8 51. Re1 a2 52. h7 Rh8 53. Re4+ Kb3
54. Re3+ Kc4 55. Ra3 Rxh7 56. Rxa2 Kd5 57. Ra6 Rh6 58. Ra5+ Ke6 59. Ra6+ Ke7 60.
Kf2 Rh1 61. Ra7+ Kf8 62. Ra4 Rb1 63. Re4 Kg7 64. Kg3 Kg6 65. Re2 Rb3 66. Re1 Rb5
67. Re2 f5 68. gxf5+ Kxf5 69. Re4 f6 70. Kg2 Rb2+ 71. Kg3 Rb3 72. Ra4 Rb6 73.
Re4 Ke6 74. Re2 f5 75. Rd2 Rb3 76. Kf2 f4 77. Re2 Rd3 78. Ra2 Rc3 79. Rb2 Kd5
80. Re2 Rc5 81. Rd2+ Kc4 82. Ke2 Ra5 83. Rc2+ Kd4 84. Rd2+ Kc3 85. Rd3+ Kc4 86.
Rd2 Ra8 87. Rc2+ Kd5 88. Rd2+ Ke6 89. Kf2 Ra4 90. Ke2 Rd4 91. Ra2 Kf5 92. Rb2
Rd8 93. Kf2 Rd1 94. Ra2 Rb1 95. Rc2 Rh1 96. Kg2 Ra1 97. Kf2 Ra4 98. Rb2 Rd4 99.
Ke2 Ra4 100. Kf2 Kg5 101. Re2 Kh4 102. Kg2 Ra8 103. Kh2 Ra5 104. Kg2 Ra8 105.
Kh2 Ra5 106. Kg2 Kg5 107. Kf2 Kf5 108. Kg2 Ra4 109. Kf2 e4 110. fxe4+ Rxe4 111.
Rxe4 Kxe4 112. Ke2 f3+ 113. Kf2 Kf4 114. Kf1 Kg5 115. Kf2 Kf4 116. Kf1 Ke3 117.
Ke1 f2+ 118. Kf1 Kf3 1/2-1/2

[Event "Gibraltar Masters"]
[Site "Caleta ENG"]
[Date "2011.02.03"]
[Round "10.80"]
[White "Sigamoney, Cyril S"]
[Black "Lacrosse, Marc"]
[Result "0-1"]
[BlackTitle "FM"]
[WhiteElo "1978"]
[BlackElo "2181"]
[WhiteFideId "2055287"]
[BlackFideId "200921"]
[EventDate "2011.01.25"]
[EventType "swiss"]

1. d4 d5 2. c4 e6 3. Nc3 Nf6 4. Bg5 c6 5. cxd5 exd5 6. e3 Qb6 7. Bd3 Qxb2 8.
Nge2 Nbd7 9. O-O Qb6 10. Qc2 Be7 11. e4 dxe4 12. Nxe4 h6 13. Rab1 Qd8 14. Bf4
Nxe4 15. Bxe4 Nf6 16. Bf5 O-O 17. Rfc1 b6 18. Rb3 Qd5 19. Be5 Bxf5 20. Qxf5 Rac8
21. Rg3 Qe6 22. Qf3 c5 23. Rf1 cxd4 24. Bxd4 Rfd8 25. Ba1 Qc6 26. Qf4 Kf8 27.
Rf3 Qc7 28. Qe3 Bc5 29. Qf4 Qxf4 30. Nxf4 Bd4 31. h3 Bxa1 32. Rxa1 Rc2 33. a4
Rdd2 34. a5 b5 35. a6 Ra2 36. Rxa2 Rxa2 37. Rb3 Ra5 38. f3 Ke7 39. Kf2 g5 40.
Ne2 Nd5 41. Nd4 Ra2+ 42. Kf1 b4 43. Nc6+ Kd6 44. Nxb4 Nxb4 45. Rxb4 Rxa6 46. h4
Ra2 47. Kg1 Ke5 48. Kh2 f5 49. Kh3 Ra1 50. Kh2 a5 51. Rb6 Ra4 52. hxg5 hxg5 53.
Kg3 Rd4 54. Ra6 Rd5 55. Rg6 Kd4 56. Kf2 f4 57. g3 fxg3+ 58. Kxg3 Kc4 59. f4
gxf4+ 60. Kxf4 a4 61. Ke4 Rd8 62. Rc6+ Kb3 63. Rb6+ Ka2 64. Ra6 a3 65. Ke3 Rb8
66. Kd2 Kb2 0-1

[Event "Gibraltar Masters"]
[Site "Caleta ENG"]
[Date "2011.02.03"]
[Round "10.83"]
[White "Georgieva, Emilia"]
[Black "Schweizer, Manfred"]
[Result "1-0"]
[WhiteElo "1907"]
[BlackElo "2075"]
[WhiteFideId "2902451"]
[BlackFideId "4613317"]
[EventDate "2011.01.25"]
[EventType "swiss"]

1. d4 Nf6 2. Nf3 g6 3. c3 Bg7 4. Bg5 d6 5. Nbd2 Nbd7 6. e3 c5 7. Qa4 O-O 8. Be2
a6 9. O-O b5 10. Qc2 Bb7 11. e4 cxd4 12. cxd4 Qb6 13. Qd3 h6 14. Bh4 e6 15. Rfc1
Rfc8 16. h3 Rc7 17. Rxc7 Qxc7 18. Ne1 Nb6 19. f3 Nc4 20. Qc3 Nh5 21. Bf2 Nf4 22.
Bf1 Qb6 23. Nxc4 bxc4 24. Rb1 a5 25. g3 Nh5 26. Kg2 f5 27. Bxc4 d5 28. exd5 Ba6
29. Qb3 1-0

[Event "Gibraltar Masters"]
[Site "Caleta ENG"]
[Date "2011.02.03"]
[Round "10.84"]
[White "Jorgensen, Line Jin"]
[Black "Compton, Alistair"]
[Result "0-1"]
[WhiteElo "1892"]
[BlackElo "2046"]
[WhiteFideId "1505467"]
[BlackFideId "4300645"]
[EventDate "2011.01.25"]
[EventType "swiss"]

1. d4 e6 2. c4 d5 3. Nc3 c5 4. cxd5 cxd4 5. Qa4+ Bd7 6. Qxd4 exd5 7. Qxd5 Nc6 8.
Nf3 Nf6 9. Qd1 Bc5 10. g3 Qb6 11. e3 Rd8 12. Qb3 Qxb3 13. axb3 Nb4 14. Ra5 b6
15. Rxa7 O-O 16. Bc4 b5 17. Nxb5 Bxb5 0-1

[Event "Gibraltar Masters"]
[Site "Caleta ENG"]
[Date "2011.02.03"]
[Round "10.85"]
[White "Hamer, Martyn"]
[Black "Moreno Cervera, Jose Luis"]
[Result "0-1"]
[WhiteElo "2041"]
[BlackElo "1903"]
[WhiteFideId "413160"]
[BlackFideId "2274213"]
[EventDate "2011.01.25"]
[EventType "swiss"]

1. e4 c5 2. c3 d5 3. exd5 Qxd5 4. d4 cxd4 5. cxd4 e6 6. Nc3 Qd8 7. Nf3 Nf6 8.
Bd3 Be7 9. O-O O-O 10. Bg5 Nc6 11. Rc1 b6 12. Bb1 Bb7 13. a3 Rc8 14. Qd3 g6 15.
Ba2 Re8 16. Rfd1 Nd5 17. Bxe7 Ncxe7 18. Ne4 Rxc1 19. Rxc1 Nf5 20. Ng3 Nf4 21.
Qd1 Bxf3 22. Qxf3 Qxd4 23. Nxf5 exf5 24. Rd1 Ne2+ 25. Kf1 Qxd1# 0-1

[Event "Gibraltar Masters"]
[Site "Caleta ENG"]
[Date "2011.02.03"]
[Round "10.86"]
[White "Memarian, Milad"]
[Black "Boesch, Heinz"]
[Result "1/2-1/2"]
[WhiteElo "2028"]
[BlackElo "1899"]
[WhiteFideId "12503193"]
[BlackFideId "4673824"]
[EventDate "2011.01.25"]
[EventType "swiss"]

1. Nf3 Nf6 2. c4 c5 3. d4 cxd4 4. Nxd4 Nc6 5. Nc3 g6 6. e4 Bg7 7. Be3 O-O 8. Be2
d6 9. f3 Nxd4 10. Bxd4 b6 11. Qd2 Be6 12. O-O Nd7 13. Bxg7 Kxg7 14. Qd4+ Kg8 15.
b4 Rc8 16. Rac1 Ne5 17. Nd5 Bxd5 18. cxd5 h5 19. Ba6 Rc7 20. Qd2 Rxc1 21. Rxc1
Qd7 22. Qc2 e6 23. Bc8 Qe7 24. f4 Ng4 25. dxe6 fxe6 26. e5 Rf5 27. Qb3 Rxf4 28.
Bxe6+ Kh7 29. Bxg4 Rxg4 30. h3 Re4 31. exd6 Qxd6 1/2-1/2